UBT Library

Spanish grammar / (Record no. 40123)

000 -LEADER
fixed length control field 00794cam a2200253 a 4500
001 - CONTROL NUMBER
control field 14585812
005 - DATE AND TIME OF LATEST TRANSACTION
control field 20180111072928.0
008 - FIXED-LENGTH DATA ELEMENTS--GENERAL INFORMATION
fixed length control field 061006s2006 nyu 001 0 eng
010 ## - LIBRARY OF CONGRESS CONTROL NUMBER
LC control number 2006049755
020 ## - INTERNATIONAL STANDARD BOOK NUMBER
International Standard Book Number 0060881577
020 ## - INTERNATIONAL STANDARD BOOK NUMBER
International Standard Book Number 9780060881573
035 ## - SYSTEM CONTROL NUMBER
System control number (OCoLC)ocm76064766
035 ## - SYSTEM CONTROL NUMBER
System control number (OCoLC)76064766
040 ## - CATALOGING SOURCE
Original cataloging agency DLC
Transcribing agency DLC
Modifying agency IG#
-- BAKER
-- DLC
041 0# - LANGUAGE CODE
Language code of text/sound track or separate title eng
-- spa
080 ## - UNIVERSAL DECIMAL CLASSIFICATION NUMBER
Universal Decimal Classification number 468.2421
082 00 - DEWEY DECIMAL CLASSIFICATION NUMBER
Classification number 468.2421 MEN
Edition number 22
100 1# - Rafti
Rafti 46
101 ## - Shkurtesa
Shkurtesa EDU
245 10 - TITLE STATEMENT
Title Spanish grammar /
Statement of responsibility, etc Ana Laura Tello Fairchild, Juan Mendez ; contributing editor, Dale F. Knickerbocker.
906 ## - LOCAL DATA ELEMENT F, LDF (RLIN)
a 7
b cbc
c orignew
d 1
e ocip
f 20
g y-gencatlg
942 ## - ADDED ENTRY ELEMENTS (KOHA)
Source of classification or shelving scheme
Item type Books
Holdings
Withdrawn status Lost status Source of classification or shelving scheme Damaged status Not for loan Collection code Permanent location Current location Shelving location Date acquired Total Checkouts Full call number Barcode Date last seen Price effective from Koha item type
          Koleksioni i përgjithshem UBT - Lipjan UBT - Lipjan Koleksioni i përgjithshem 01/11/2018   468.2421 MEN 002-2995038 01/11/2018 01/11/2018 Books
UBT Library © 2015-2024. All rights reserved University Education for Business and Technology